000 00315 a2200145 4500
001 158968
020 _a
040 _cMagnum
100 _aGarcia, Eduardo
240 1 0 _aHistoria da civilizacao v.3
_lpor
245 1 0 _aHistoria da civilizacao v.3
362 0 _a1899
697 _aMAGNITO: COLECAO
942 _cBK
999 _c158968
_d158968